German Cities with 100K+ inhabitants (2025 version) - Statistics

General Stats
  • This quiz has been taken 55 times
    52 since last reset
  • The average score is 52 of 79
Answer Stats
City Inhabitants % Correct
Berlin 3,662,381
100%
Cologne 1,024,408
100%
Frankfurt am Main 749,596
100%
Hamburg 1,851,596
100%
Leipzig 608,013
100%
Munich 1,488,719
100%
Stuttgart 613,111
100%
Bremen 584,332
97%
Dresden 563,019
97%
Nuremberg 526,606
97%
Dortmund 601,343
95%
Düsseldorf 616,319
95%
Essen 574,082
95%
Kiel 251,751
95%
Hannover 520,290
92%
Aachen 263,772
89%
Bonn 321,680
89%
Augsburg 298,972
87%
Mannheim 316,256
87%
Freiburg im Breisgau 236,236
84%
Mainz 223,871
84%
Bielefeld 331,519
82%
Duisburg 503,185
82%
Münster 307,071
82%
Potsdam 184,290
82%
Ulm 128,998
79%
Chemnitz 245,250
76%
Karlsruhe 308,197
76%
Erfurt 219,549
74%
Rostock 204,948
74%
Wolfsburg 129,347
74%
Bochum 357,024
71%
Saarbrücken 181,982
71%
Trier 103,986
71%
Bremerhaven 118,323
68%
Lübeck 217,061
68%
Magdeburg 242,491
68%
Osnabrück 165,686
68%
Wiesbaden 287,241
68%
Wuppertal 358,592
68%
Jena 110,076
66%
Mönchengladbach 267,667
66%
Regensburg 149,664
66%
Gelsenkirchen 267,284
63%
Ingolstadt 139,536
63%
Kassel 197,065
63%
Leverkusen 167,850
63%
Halle 227,639
61%
Heidelberg 155,175
61%
Würzburg 131,759
61%
Braunschweig 253,527
58%
Oldenburg 176,242
58%
Kaiserslautern 100,338
55%
Darmstadt 164,832
53%
Fürth 131,712
53%
Koblenz 113,346
53%
Offenbach am Main 131,845
53%
Göttingen 126,968
50%
Erlangen 115,314
47%
Paderborn 156,887
47%
Solingen 166,078
47%
Bergisch Gladbach 111,003
45%
Hamm 179,380
45%
Oberhausen 213,510
45%
Recklinghausen 115,396
42%
Heilbronn 131,653
39%
Krefeld 230,393
39%
Ludwigshafen am Rhein 175,816
39%
Mülheim an der Ruhr 172,887
37%
Siegen 102,440
37%
Hagen 190,640
34%
Herne 156,154
34%
Bottrop 118,912
32%
Neuss 154,712
32%
Pforzheim 135,087
32%
Remscheid 114,061
32%
Reutlingen 118,770
32%
Moers 101,601
29%
Salzgitter 105,056
29%
No matching quizzes found
Score Distribution
Percent of People with Each Score
Percentile by Number Answered
Your Score History
You have not taken this quiz since the last reset